000 00892nam a22002297a 4500
999 _c63816
_d63816
005 20240530110700.0
008 180101s2016 ua bh g b 000 0 ara d
017 _a2015/14505
_bمصر. دار الكتب
020 _a9789776528284
040 _aEG-CaGPL
_cEG-CaGPL
082 0 4 _221
_a953.0753 /
_bأ ى
100 0 _aايمن محمد عيد
245 1 2 _aاليعاربة :
_bامجاد وبطولات /
_cاعداد ايمن محمد عيد
250 _aط.1
260 _aالاسكندرية :
_bدار الكتب والدراسات العربية ،
_c2016.
300 _a263 ص. :
_bايض ؛
_c24 سم.
504 _aيشتمل على ارجاعات ببليوجرافية
650 0 7 _2qrmak
_aاليعاربة
651 0 7 _2qrmak
_aعمان
_xتاريخ
_yالعصر الحديث
_yعصر اليعاربة
942 _2ddc
_cBK